[Event "ROM-ch U08"]
[Site "Calimanesti Caciulata"]
[Date "2019.04.15"]
[Round "1"]
[White "Islai, David Andrei"]
[Black "Florea, Gabriel"]
[Result "1-0"]
[WhiteElo "1084"]
[BlackElo "1001"]
[PlyCount "73"]
[EventDate "2019.04.15"]
[EventType "swiss"]
[EventRounds "9"]
[EventCountry "ROU"]
[SourceTitle "CBM 190 Extra"]
[Source "ChessBase"]
[SourceDate "2019.07.15"]
[SourceVersion "1"]
[SourceVersionDate "2019.07.15"]
[SourceQuality "1"]

1. e4 e5 2. Nf3 Nc6 3. Bc4 Bc5 4. c3 d6 5. d4 Nf6 6. dxc5 dxc5 7. Qxd8+ Nxd8 8. 0-0 0-0 9. Bg5 Bg4 10. Bxf6 gxf6 11. Nh4 Nc6 12. Nd2 Rad8 13. Ndf3 Rd6 14. h3 Bxf3 15. Nxf3 Ne7 16. a3 Ng6 17. Rad1 Rxd1 18. Rxd1 Nf4 19. Rd7 Nh5 20. Rxc7 Ng7 21. Rxc5 Ne8 22. Rc8 Nd6 23. Rxf8+ Kxf8 24. Bd5 b6 25. b3 a6 26. Kf1 a5 27. b4 axb4 28. cxb4 b5 29. Ke2 h6 30. g4 Nc8 31. a4 Nb6 32. a5 Nxd5 33. exd5 e4 34. Nd4 Ke8 35. a6 Kd8 36. a7 Kc7 37. a8Q 1-0